Os cinco porquinhos / (Record no. 129)

MARC details
000 -LÍDER
campo de controle de tamanho fixo 01450nam a2200349 4500
001 - NÚMERO DE CONTROLE
campo de controle 129
003 - IDENTIFICADOR DO NÚMERO DE CONTROLE
campo de controle OSt
005 - DATA E HORÁRIO DA ÚLTIMA TRANSAÇÃO
campo de controle 20250528074012.0
008 - CAMPO DE DADOS FIXOS--INFORMAÇÃO GERAL
campo de controle de tamanho fixo 250128b |||||||g |||| 00| 1 eng d
040 ## - FONTE DA CATALOGAÇÃO
Idioma da catalogação por
041 ## - CÓDIGO DE IDIOMA
Código do idioma do original e/ou traduções intermediárias do texto eng
Código do idioma do texto/trilha sonora ou título diferente por
082 ## - CDD - CLASSIFICAÇÃO DECIMAL DE DEWEY
Número de Classificação 823
Número do exemplar C555ci
100 1# - ENTRADA PRINCIPAL--NOME PESSOAL
Nome pessoal Christie, Agatha,
Datas associadas ao nome 1890-1976
9 (RLIN) 268
240 ## - TÍTULO UNIFORME
Título uniforme Five little pigs
245 ## - TÍTULO
Título Os cinco porquinhos /
Indicação de responsabilidade, etc. Christie, Agatha ; Tradução de Edson Ferreira dos Santos
260 ## - PUBLICAÇÃO, DISTRIBUIÇÃO, ETC.
Local de publicação, distribuição, etc. São Paulo
Nome do editor, distribuidor, etc. Círculo do Livro
Data da publicação, distribuição, etc. 1941
300 ## - DESCRIÇÃO FÍSICA
Extensão 234 p.
490 1# - TÍTULO DA SÉRIE
Título da série Detetive Hercule Poirot
520 ## - NOTA DE RESUMO, ETC.
Resumo, etc. Há dezesseis anos uma mulher fora condenada por assassinar seu marido. Ao morrer na prisão, deixou uma carta para sua filha de cinco anos, Caroline, afirmando sua inocecia. Caroline sabe que precisa do melhor detetive do mundo para esta missão quase impossível: revolver o passado à procura do verdadeiro assassino, para limpar o nome de sua mãe. Hercule Poirot aceita a missão, partindo de uma cantiga de ninar inglesa Os Cinco Porquinhos - que dá título à obra.<br/>
650 #0 - ASSUNTO--TERMO TÓPICO
Cabeçalho tópico ou nome geográfico Literatura Inglesa
9 (RLIN) 89
650 #0 - ASSUNTO--TERMO TÓPICO
Cabeçalho tópico ou nome geográfico Romance Policial
9 (RLIN) 11
650 #0 - ASSUNTO--TERMO TÓPICO
Cabeçalho tópico ou nome geográfico Suspense
9 (RLIN) 10
650 #0 - ASSUNTO--TERMO TÓPICO
Cabeçalho tópico ou nome geográfico Mistério
9 (RLIN) 42
650 #0 - ASSUNTO--TERMO TÓPICO
Cabeçalho tópico ou nome geográfico Crime e Investigação
9 (RLIN) 13
650 #0 - ASSUNTO--TERMO TÓPICO
Cabeçalho tópico ou nome geográfico Clássicos
9 (RLIN) 77
650 #0 - ASSUNTO--TERMO TÓPICO
Cabeçalho tópico ou nome geográfico Filme
9 (RLIN) 26
655 #0 - TERMO DE ÍNDICE--GÊNERO E FORMA
Gênero/forma/ou termo foco Romance
655 #0 - TERMO DE ÍNDICE--GÊNERO E FORMA
Gênero/forma/ou termo foco Ficção
700 ## - ENTRADA ADICIONADA - NOME PESSOAL
Nome pessoal Edson Ferreira dos Santos
Função do autor por extenso Tradutor
9 (RLIN) 278
830 ## - ENTRADA SECUNDÁRIA DE SÉRIE--TÍTULO UNIFORME
Título uniforme Detetive Hercule Poirot
9 (RLIN) 271
942 ## - ELEMENTOS DE ENTRADA ADICIONADOS (KOHA)
Fonte de classificação ou esquema de arquivamento Classificação decimal de Dewey
Ocultar no OPAC Não
Tipo de material Koha Livros
Holdings
Situação do descarte Situação das perdas Fonte de classificação ou esquema de arquivamento Status danificado Não pode ser emprestado Coleção Biblioteca de origem Biblioteca atual Localização na estante Data de aquisição Fonte de aquisição Total de empréstimos Número de chamada completo Código de barras Data de último acesso Data do preço efetivo Tipo de material Koha
    Classificação decimal de Dewey     Ficção Biblioteca Professor Eduardo Afonso de Castro Biblioteca Professor Eduardo Afonso de Castro Literatura Estrangeira 25.03.2013 doação   823 / C555ci 2025-14301 28.01.2025 28.01.2025 Livros

Powered by Koha